| 000 | 00822nam a2200253 4500 | ||
|---|---|---|---|
| 001 | 000776382 | ||
| 003 | AM-YeHGA | ||
| 005 | 20250617143941.0 | ||
| 008 | 060612s2006 enka 000 0 eng d | ||
| 020 | _a1405813407 (Pack) | ||
| 040 | _aAM-YeHGA | ||
| 041 | 0 | _aeng | |
| 100 | 1 | _aRogers, John. | |
| 245 | 1 | 0 |
_aMarket leader : _bUpper intermediate Business English : _pPractice file / _cJohn Rogers. |
| 250 | _aNew ed. | ||
| 260 |
_aHarlow : _bPearson Longman, _c2006. |
||
| 300 |
_a112 p. : _bill. ; _c30 cm. + _eCD |
||
| 500 | _aAt foot of title: Financial Times. | ||
| 500 | _aPrevious ed.: 2001. | ||
| 650 | 1 | 4 |
_aEnglish language _xBusiness English _vTextbooks for foreign speakers. |
| 650 | 1 | 4 |
_aEnglish language _xBusiness English _xStudy and teaching _xForeign speakers. |
| 942 |
_2udc _cBK |
||
| 090 | _c286090 | ||
| 999 |
_c284428 _d284428 |
||